Gran Turismo Franchise - Statistics

General Stats
  • This quiz has been taken 154 times
    97 since last reset
  • The average score is 9 of 14
Answer Stats
Type Year Name Info % Correct
Video Game 1997 Gran Turismo Sony
100%
Video Game 2009 Gran Turismo Sony
100%
Film 2023 Gran Turismo Sony
93%
Video Game 1999 Gran Turismo 2 Sony
93%
Video Game 2001 Gran Turismo 3: A-Spec Sony
93%
Video Game 2004 Gran Turismo 4 Sony
91%
Video Game 2010 Gran Turismo 5 Sony
91%
Video Game 2013 Gran Turismo 6 Sony
88%
Video Game 2017 Gran Turismo Sport Sony
85%
Video Game 2002 Gran Turismo Concept Sony
32%
Video Game 2007 Gran Turismo 5 Prologue Sony
31%
Video Game 2003 Gran Turismo 4: Prologue Sony
30%
Video Game 2006 Gran Turismo HD Concept Sony
11%
TV Show (Various) GT Academy (Various)
11%
No matching quizzes found
Score Distribution
Percent of People with Each Score
Percentile by Number Answered
Your Score History
You have not taken this quiz since the last reset